000 00318nam a22001457a 4500
008 221031b ||||| |||| 00| 0 eng d
020 _a0684179636
041 _aeng
080 _a53
082 _a53 TRE
100 _a20.1
101 _aFIZIK
245 _aTHE MOMENT OF CREATION
_cTREFIL JAMES
942 _2udc
_cBK
999 _c58701
_d58701